00872nam a2200265 a 450000100060000000300080000600500170001400800410003102000150007203500190008704000320010604100080013808200220014610000200016824501090018826000310029730000550032835000090038349000260039250000560041850400300047465000300050465000280053483000440056284111BD-RjUL20241016125120.0241016s1969 enkabcf b 001 0 eng  a0582645158 a(BD-RjUL)84111 aDLCcDLCdDLCdBD-RjULbeng aeng00a966.903bIKN 19691 aIkimẹ, Obaro.10aNiger Delta rivalry :bItsẹkiri-Urhobo relations and the European presence, 1884-1936 /cObaro Ikimẹ aHarlow :bLongmans,c1969. axxi, 301 p., 9 plates (3 fold.) :billus.;c23 cm. a65/-1 aIbadan history series aBased on the author's thesis, University of Ibadan. aBibliography: p. 285-290. 0aItsekiri (African people) 0aUrhobo (African people) 0aIbadan history series (Harlow, England)